00399nam a2200145Ia 4500008004100000010001400041040002600055041002600081082001700107100002000124245003400144260003600178300002200214600001700236090201s9999 xx 000 0 und d aKPL-18427 bइंग्रजी aइंग्रजी a13813b18427 ad. v. tamhankar asardar patelcd. v. tamhankar c2004bgeorge allen & unwin ltd. a299bमोठा asardar patel